| Tag |
First Indicator |
Second Indicator |
Subfields |
| LEADER |
00000cam a2200000 i 4500 |
| 001 |
in00005621113 |
| 008 |
230113t20222022nyuafj b 001 0deng d |
| 005 |
20250325163823.6 |
| 035 |
|
|
|a (OCoLC)on1358768939
|
| 040 |
|
|
|a NYP
|b eng
|e rda
|c NYP
|d NYP
|d IUK
|d CGB
|d YDX
|d BDX
|d NZLEP
|d UND
|d FHM
|d JDP
|d OCLCO
|d OCLCL
|d FTB
|d OCLCL
|d IG#
|
| 019 |
|
|
|a 1293932926
|a 1294124828
|a 1294136790
|a 1294217517
|a 1294286773
|
| 020 |
|
|
|a 9781324036074
|q paperback
|
| 020 |
|
|
|a 1324036079
|q paperback
|
| 035 |
|
|
|a (OCoLC)1358768939
|z (OCoLC)1293932926
|z (OCoLC)1294124828
|z (OCoLC)1294136790
|z (OCoLC)1294217517
|z (OCoLC)1294286773
|
| 043 |
|
|
|a n-us---
|
| 050 |
|
4 |
|a KF228.R59
|b P73 2022
|
| 050 |
|
4 |
|a HQ1413.M34
|b P73 2022
|
| 082 |
0 |
4 |
|a 342.7308/4
|2 23/eng/20210826
|
| 100 |
1 |
|
|a Prager, Joshua,
|e author.
|
| 245 |
1 |
4 |
|a The family Roe :
|b an American story /
|c Joshua Prager.
|
| 246 |
3 |
0 |
|a American story
|
| 250 |
|
|
|a Norton paperback [edition].
|
| 264 |
|
1 |
|a New York, NY :
|b W.W. Norton & Company, Inc.,
|c 2022.
|
| 264 |
|
4 |
|c ©2022
|
| 300 |
|
|
|a 657 pages, 16 unnumbered pages of plates :
|b illustrations (some color), genealogical table ;
|c 21 cm
|
| 336 |
|
|
|a text
|b txt
|2 rdacontent
|
| 336 |
|
|
|a still image
|b sti
|2 rdacontent
|
| 337 |
|
|
|a unmediated
|b n
|2 rdamedia
|
| 338 |
|
|
|a volume
|b nc
|2 rdacarrier
|
| 504 |
|
|
|a Includes bibliographical references (pages [627]-638) and index.
|
| 505 |
0 |
0 |
|g Part I.
|t Sex and religion --
|g Part II.
|t Three Texans --
|g Part III.
|t Roe v. Wade --
|g Part IV.
|t "The raw edges of human existence" --
|g Part V.
|t Undue burden --
|g Part VI.
|t Born again --
|g Part VII.
|t Repercussion --
|g Part VIII.
|t The family Roe.
|
| 520 |
|
|
|a "The Family Roe abounds in such revelations - not only about Norma and her children but about the broader "family" connected to the case. Prager tells the stories of activists and bystanders alike whose lives intertwined with Roe. In particular, he introduces three figures as important as they are unknown: feminist lawyer Linda Coffee, who filed the original Texas lawsuit yet now lives in obscurity; Curtis Boyd, a former fundamentalist Christian, today a leading provider of third-trimester abortions; and Mildred Jefferson, the first black female Harvard Medical School graduate, who became a pro-life leader with great secrets."--
|c Amazon.com.
|
| 520 |
|
|
|a A masterpiece of reporting on the Supreme Court's most divisive case, Roe v. Wade, and the unknown lives at its heart. Despite her famous pseudonym, "Jane Roe," no one knows the truth about Norma McCorvey (1947-2017), whose unwanted pregnancy in 1969 opened a great fracture in American life. Journalist Joshua Prager spent hundred s of hours with Norma, discovered her personal papers-a previously unseen trove- and witnessed her final moments. The Family Roe presents her life in full. Propelled by the crosscurrents of sex and religion, gender and class, it is a life that tells the story of abortion in America. Prager begins that story on the banks of Louisiana's Atchafalaya River, where Norma was born, and where unplanned pregnancies upended generations of her forebears. A pregnancy then upended Norma's life too, and the Dallas waitress became Jane Roe. Drawing on a decade of research, Prager reveals the woman behind the pseudonym, writing in novelistic detail of her unknown life from her time as a sex worker in Dallas, to her private thoughts on family and abortion, to her dealings with feminist and Christian leaders, to the three daughters she placed for adoption. Prager found those women, including the youngest--Baby Roe--now fifty years old. She shares her story in The Family Roe for the first time, from her tortured interactions with her birth mother, to her emotional first meeting with her sisters, to the burden that was uniquely hers from conception. The Family Roe abounds in such revelations-not only about Norma and her children but about the broader "family" connected to these case. Prager tells the stories of activists and bystanders alike whose lives intertwined with Roe. In particular, he introduces three figures as important as they are unknown: feminist lawyer Linda Coffee, who filed the original Texas lawsuit yet now lives in obscurity; Curtis Boyd a former fundamentalist Christian, today a leading provider of third-trimester abortions; and Mildred Jefferson, the first black female Harvard Medical School graduate, who became a pro-life leader with great secrets. An epic work spanning fifty years of American history, The Family Roe will change the way you think about our enduring American divide: the right to choose or the right to life.
|
| 586 |
|
|
|a Pulitzer Prize Finalist, General Nonfiction, 2022.
|
| 600 |
1 |
0 |
|a McCorvey, Norma,
|d 1947-2017.
|
| 600 |
1 |
0 |
|a McCorvey, Norma,
|d 1947-2017
|x Family.
|
| 600 |
1 |
0 |
|a Roe, Jane,
|d 1947-2017
|x Trials, litigation, etc.
|
| 600 |
1 |
0 |
|a Wade, Henry
|x Trials, litigation, etc.
|
| 600 |
1 |
0 |
|a Coffee, Linda,
|d 1942-
|
| 600 |
1 |
0 |
|a Boyd, Curtis Wayne.
|
| 650 |
|
0 |
|a Trials (Abortion)
|z United States
|x History.
|
| 650 |
|
0 |
|a Abortion
|x Law and legislation
|z United States
|x History.
|
| 650 |
|
6 |
|a Procès (Avortement)
|z États-Unis
|x Histoire.
|
| 600 |
1 |
7 |
|a Boyd, Curtis Wayne
|2 fast
|
| 600 |
1 |
7 |
|a McCorvey, Norma,
|d 1947-2017
|2 fast
|1 https://id.oclc.org/worldcat/entity/E39PBJrgFrh8TFccB9cvhdTyh3
|
| 600 |
1 |
7 |
|a Roe, Jane,
|d 1947-2017
|2 fast
|
| 600 |
1 |
7 |
|a Wade, Henry
|2 fast
|
| 650 |
|
7 |
|a Abortion
|x Law and legislation
|2 fast
|
| 650 |
|
7 |
|a Families
|2 fast
|
| 650 |
|
7 |
|a Trials (Abortion)
|2 fast
|
| 651 |
|
7 |
|a United States
|2 fast
|1 https://id.oclc.org/worldcat/entity/E39PBJtxgQXMWqmjMjjwXRHgrq
|
| 655 |
|
7 |
|a Biographies
|2 fast
|
| 655 |
|
7 |
|a History
|2 fast
|
| 655 |
|
7 |
|a Trials, litigation, etc.
|2 fast
|
| 655 |
|
7 |
|a Biographies.
|2 lcgft
|
| 655 |
|
7 |
|a Biographies.
|2 rvmgf
|
| 758 |
|
|
|i has work:
|a The family Roe (Text)
|1 https://id.oclc.org/worldcat/entity/E39PCGqGtKRtwh4cwRv7MbgTd3
|4 https://id.oclc.org/worldcat/ontology/hasWork
|
| 776 |
0 |
8 |
|i Online version:
|a Prager, Joshua.
|t Family Roe.
|d [Place of publication not identified] W W NORTON, 2022
|z 9780393247725
|w (OCoLC)1358748782
|
| 938 |
|
|
|a Ingram Library Services
|b INGR
|n in503051053
|
| 938 |
|
|
|a Brodart
|b BROD
|n 131796119
|
| 938 |
|
|
|a YBP Library Services
|b YANK
|n 17803870
|
| 029 |
1 |
|
|a AU@
|b 000073478621
|
| 994 |
|
|
|a Z0
|b TXA
|
| 948 |
|
|
|h HELD BY TXA - 69 OTHER HOLDINGS
|
| 999 |
f |
f |
|s 02b0b86a-cf62-4563-afdc-a85b3d3ae5d7
|i 1ac4dad3-7b02-4418-9dd6-1c301e4148ac
|t 0
|
| 952 |
f |
f |
|p noncirc
|a Texas A&M University
|b College Station
|c Cushing Memorial Library & Archives
|d Cushing: Women & Gender Studies (Does not check out)
|t 0
|e KF228.R59 P73 2022
|h Library of Congress classification
|i unmediated -- volume
|m A14853340746
|
| 998 |
f |
f |
|a KF228.R59 P73 2022
|t 0
|l Cushing: Women & Gender Studies (Does not check out)
|